00309nam a2200133Ia 45000030006000000080041000060400015000471000028000622450037000902500010001272600009001375460012001460050017001580STCL150530s9999 xx 000 0 und d aSTCLcSTCL aShelley; Koszul; Editor aShelley Lyrics and Shorter Poems aFirst c1966 aEnglish20220125170929.0